Full Moon Name by Month - Statistics

General Stats
  • This quiz has been taken 7 times
  • The average score is 7 of 12
Answer Stats
Hint Answer % Correct
Snow Moon February
83%
Wolf Moon January
67%
Strawberry Moon June
67%
Worm Moon March
67%
Hunter's Moon October
67%
Pink Moon April
50%
Cold Moon December
50%
Flower Moon May
50%
Full Corn Moon September
50%
Sturgeon Moon August
33%
Buck Moon July
33%
Beaver Moon November
33%
No matching quizzes found
Score Distribution
Percent of People with Each Score
Percentile by Number Answered
Your Score History
You have not taken this quiz